000 00585nam a2200205Ia 4500
005 20250508165058.0
008 008 250505s9999 xx 000 0 eng d
037 _aTextual
040 _aFEDL
_beng
_cFEDL
041 _aeng
_2eng
084 _a954, KOS
_qFEDL
100 _aKosambi Damodar Dharmanand
245 0 _aIntroduction to the study of Indian history
260 _aBombay, India
_bPopular Prakashan
_c1975
300 _axv,415p
365 _aINR
_b1650
546 _aAcc. No. 86658 is MACESE book
942 _cTEXL
_h954, KOS
999 _c1393027
_d1393027